Normal view
MARC view
- Mase, George E
Entry Personal Name
001 - CONTROL NUMBER
- control field: 47082
003 - CONTROL NUMBER IDENTIFIER
- control field: NUST
005 - DATE AND TIME OF LATEST TRANSACTION
- control field: 20210314133720.0
008 - FIXED-LENGTH DATA ELEMENTS
- fixed length control field: 210314|| aca||aabn | a|a d
040 ## - CATALOGING SOURCE
- Original cataloging agency: NUST
- Transcribing agency: NUST
100 ## - HEADING--PERSONAL NAME
- Personal name: Mase, George E
670 ## - SOURCE DATA FOUND
- Source citation: Work cat.: (NUST): Mase, George E, Continuum mechanics , 1970.
